[Event "SG Solingen 3 - SK Herne-Sodingen 1"]
[Site "NRW-Klasse, Gruppe 2 2013/201"]
[Date "2014.04.27"]
[Round "9.5"]
[White "Schippan, Bernhard"]
[Black "Zolfagharian, Kevin"]
[Result "1/2-1/2"]
[WhiteElo "2166"]
[BlackElo "2050"]
[PlyCount "119"]
[EventDate "2014.??.??"]
[WhiteTeam "SK Herne-Sodingen 1"]
[BlackTeam "SG Solingen 3"]

1. e4 c5 2. Nf3 Nc6 3. c3 Nf6 4. e5 Nd5 5. d4 cxd4 6. Bc4 Nb6 7. Bb3 d6 8. exd6
Qxd6 9. cxd4 e6 10. a3 Be7 11. O-O O-O 12. Nc3 Rd8 13. Be3 Na5 14. Bc2 Nac4 15.
Qd3 f5 16. Bb3 Nxe3 17. fxe3 g6 18. Nb5 Qb8 19. Rac1 Bd6 20. Nxd6 Qxd6 21. e4
Kg7 22. Qe3 h6 23. Rc5 Bd7 24. e5 Qe7 25. Rc7 Rab8 26. d5 Rdc8 27. d6 Qe8 28.
Rfc1 Rxc7 29. Rxc7 Na8 30. Qxa7 Nxc7 31. dxc7 Rc8 32. Qb6 Bc6 33. Nd4 Qd7 34.
Nxe6+ Kh8 35. Qe3 g5 36. Qd4 Rxc7 37. Qc3 Rc8 38. Qh3 Qh7 39. Nd4 Be4 40. e6
Rc1+ 41. Kf2 Qg7 42. Ne2 Rc7 43. Nc3 f4 44. Ke1 g4 45. Qh4 Rxc3 46. Qd8+ Kh7
47. bxc3 Qxc3+ 48. Qd2 Qxd2+ 49. Kxd2 Kg7 50. g3 f3 51. e7 Bc6 52. Bd5 Bb5 53.
Bxb7 Kf7 54. Ke3 Kxe7 55. Bc8 h5 56. Kf2 Kf6 57. h3 Kg5 58. hxg4 hxg4 59. Bb7
Ba4 60. Bxf3 1/2-1/2

[Event "SG Solingen 3 - SK Herne-Sodingen 1"]
[Site "NRW-Klasse, Gruppe 2 2013/201"]
[Date "2014.04.27"]
[Round "9.6"]
[White "Peschel, Andreas"]
[Black "Becker, Joerg"]
[Result "1/2-1/2"]
[WhiteElo "2080"]
[BlackElo "2149"]
[PlyCount "34"]
[EventDate "2014.??.??"]
[WhiteTeam "SG Solingen 3"]
[BlackTeam "SK Herne-Sodingen 1"]

1. d4 Nf6 2. Nf3 d5 3. c4 c6 4. e3 g6 5. Qc2 Bf5 6. Bd3 Bxd3 7. Qxd3 Bg7 8. Nc3
O-O 9. O-O Nbd7 10. Rd1 Qc7 11. e4 dxe4 12. Nxe4 Nxe4 13. Qxe4 e5 14. dxe5 Nxe5
15. Bf4 Nxf3+ 16. Qxf3 Qb6 17. Rab1 Rad8 1/2-1/2

[Event "SG Solingen 3 - SK Herne-Sodingen 1"]
[Site "NRW-Klasse, Gruppe 2 2013/201"]
[Date "2014.04.27"]
[Round "9.7"]
[White "Evertz, Dieter"]
[Black "Mentzel, Markus"]
[Result "1/2-1/2"]
[WhiteElo "2060"]
[BlackElo "1845"]
[PlyCount "83"]
[EventDate "2014.??.??"]
[WhiteTeam "SK Herne-Sodingen 1"]
[BlackTeam "SG Solingen 3"]

1. c4 c6 2. d4 d5 3. b3 Nf6 4. Nf3 Bf5 5. Nh4 Be6 6. c5 g6 7. e3 Bg7 8. b4 O-O
9. a4 b6 10. Nc3 a5 11. Ba3 axb4 12. Bxb4 bxc5 13. Bxc5 Nfd7 14. Ba3 c5 15. Bb5
Qa5 16. Rc1 Rc8 17. Qd2 cxd4 18. exd4 Nc6 19. Nf3 Qd8 20. Ne2 Na7 21. Ba6 Rxc1+
22. Nxc1 Qb6 23. Be2 Nc6 24. Bd1 Nxd4 25. Nxd4 Bxd4 26. Bxe7 Re8 27. Bh4 Bg7
28. O-O Ra8 29. Bg5 d4 30. Bh6 Bxh6 31. Qxh6 Nc5 32. Qf4 Nxa4 33. Qe4 Qd8 34.
Bf3 Rc8 35. Bg4 Nc3 36. Qf3 Qd7 37. Bxe6 Qxe6 38. Nd3 Re8 39. h4 Qe4 40. Re1
Ne2+ 41. Kf1 Qxh4 42. Qh3 1/2-1/2

[Event "SG Solingen 3 - SK Herne-Sodingen 1"]
[Site "NRW-Klasse, Gruppe 2 2013/201"]
[Date "2014.04.27"]
[Round "9.8"]
[White "Grah, Ulrich"]
[Black "Kowalczyk, Frank"]
[Result "1/2-1/2"]
[WhiteElo "1814"]
[BlackElo "1789"]
[PlyCount "61"]
[EventDate "2014.??.??"]
[WhiteTeam "SG Solingen 3"]
[BlackTeam "SK Herne-Sodingen 1"]

1. e4 e5 2. Nf3 Nc6 3. Bb5 a6 4. Ba4 b5 5. Bb3 d6 6. c3 Na5 7. Bc2 c5 8. d3 Be7
9. O-O Nf6 10. Re1 O-O 11. Nbd2 Bd7 12. Nf1 Qc7 13. Ng3 h6 14. h3 Rfc8 15. Bd2
Nc6 16. Qe2 Bf8 17. a4 Ne7 18. Rec1 Ng6 19. d4 Rcb8 20. Be3 bxa4 21. Bxa4 Bxa4
22. Rxa4 Qb7 23. dxc5 dxc5 24. Rca1 Qxb2 25. Qxb2 Rxb2 26. Rxa6 Rb1+ 27. Rxb1
Rxa6 28. Rb5 Rc6 29. Kf1 Rc7 30. c4 Nd7 31. Nd2 1/2-1/2

[Event "SF Neuenkirchen 1 - Herforder SV Königs"]
[Site "NRW-Klasse, Gruppe 2 2013/201"]
[Date "2014.04.27"]
[Round "9.1"]
[White "Nordsieck, Thomas"]
[Black "Muschik, Benedikt"]
[Result "1-0"]
[WhiteElo "2244"]
[BlackElo "2285"]
[PlyCount "77"]
[EventDate "2014.??.??"]
[WhiteTeam "Herforder SV Königsspringer 1"]
[BlackTeam "SF Neuenkirchen 1"]

1. e4 g6 2. d4 Bg7 3. Nc3 d5 4. Nf3 dxe4 5. Nxe4 Nf6 6. Nxf6+ exf6 7. Be2 O-O
8. O-O Nc6 9. Re1 Bf5 10. c3 Ne7 11. Bd2 c6 12. Bf1 Re8 13. h3 Qd7 14. c4 g5
15. Be3 h6 16. Bd3 Bxd3 17. Qxd3 f5 18. Rad1 Rad8 19. Qb3 f4 20. Bd2 Nf5 21.
Rxe8+ Rxe8 22. Bc3 Rc8 23. d5 Bxc3 24. dxc6 Qxc6 25. Qxc3 Re8 26. Qd3 Ng7 27.
b3 a6 28. Qd7 Re6 29. Qxc6 bxc6 30. Rd8+ Kh7 31. Kf1 Nf5 32. Nd4 Nxd4 33. Rxd4
c5 34. Rd7 Kg6 35. Rc7 Kf5 36. Rxc5+ Ke4 37. Rd5 f5 38. Rd1 Rc6 39. Ke2 1-0

[Event "SF Neuenkirchen 1 - Herforder SV Königs"]
[Site "NRW-Klasse, Gruppe 2 2013/201"]
[Date "2014.04.27"]
[Round "9.2"]
[White "Rieke, Theo"]
[Black "Wolf, Andre"]
[Result "1/2-1/2"]
[WhiteElo "2000"]
[BlackElo "2143"]
[PlyCount "23"]
[EventDate "2014.??.??"]
[WhiteTeam "SF Neuenkirchen 1"]
[BlackTeam "Herforder SV Königsspringer 1"]

1. g3 d5 2. Bg2 Nf6 3. d3 e5 4. Nf3 Nc6 5. O-O Be7 6. c3 a5 7. Nbd2 O-O 8. Qc2
b6 9. c4 Bb7 10. cxd5 Nxd5 11. Nc4 f6 12. Ne3 1/2-1/2

[Event "SF Neuenkirchen 1 - Herforder SV Königs"]
[Site "NRW-Klasse, Gruppe 2 2013/201"]
[Date "2014.04.27"]
[Round "9.3"]
[White "Pieper-Emden, Carsten"]
[Black "Wilde, Pierre"]
[Result "1/2-1/2"]
[WhiteElo "2156"]
[BlackElo "2222"]
[PlyCount "29"]
[EventDate "2014.??.??"]
[WhiteTeam "Herforder SV Königsspringer 1"]
[BlackTeam "SF Neuenkirchen 1"]

1. d4 e6 2. Nf3 c5 3. c3 Nf6 4. Bg5 Be7 5. e3 b6 6. Nbd2 Bb7 7. Bd3 cxd4 8.
exd4 Nd5 9. Bxe7 Qxe7 10. g3 O-O 11. O-O d6 12. Qe2 Nf6 13. Ng5 h6 14. Nge4
Nxe4 15. Bxe4 1/2-1/2

[Event "SF Neuenkirchen 1 - Herforder SV Königs"]
[Site "NRW-Klasse, Gruppe 2 2013/201"]
[Date "2014.04.27"]
[Round "9.4"]
[White "Haves, Reinhard"]
[Black "Loemker, Michael"]
[Result "1/2-1/2"]
[WhiteElo "2151"]
[BlackElo "2078"]
[PlyCount "42"]
[EventDate "2014.??.??"]
[WhiteTeam "SF Neuenkirchen 1"]
[BlackTeam "Herforder SV Königsspringer 1"]

1. d4 g6 2. Nf3 Bg7 3. g3 Nf6 4. Bg2 O-O 5. O-O d6 6. c4 Nbd7 7. Nc3 c6 8. e4
e5 9. h3 a5 10. Be3 a4 11. Rb1 Qa5 12. Qc2 Re8 13. dxe5 dxe5 14. b4 axb3 15.
axb3 Bf8 16. Rb2 Qb4 17. Ra2 Rxa2 18. Nxa2 Qa3 19. Bc1 Qa7 20. Nc3 Qb8 21. Be3
Bc5 1/2-1/2

[Event "SF Neuenkirchen 1 - Herforder SV Königs"]
[Site "NRW-Klasse, Gruppe 2 2013/201"]
[Date "2014.04.27"]
[Round "9.5"]
[White "Quelle, Helmut"]
[Black "Seegers, Hendrik"]
[Result "1/2-1/2"]
[WhiteElo "2060"]
[BlackElo "2159"]
[PlyCount "99"]
[EventDate "2014.??.??"]
[WhiteTeam "Herforder SV Königsspringer 1"]
[BlackTeam "SF Neuenkirchen 1"]

1. Nf3 d5 2. g3 e6 3. Bg2 Nf6 4. O-O Be7 5. d4 O-O 6. c4 b6 7. Nc3 Bb7 8. cxd5
Nxd5 9. Qc2 Nd7 10. e4 Nxc3 11. bxc3 c5 12. Rd1 cxd4 13. cxd4 Rc8 14. Qd3 Qc7
15. Bf4 Qc4 16. Qxc4 Rxc4 17. e5 Bd5 18. Ne1 Rfc8 19. Bxd5 exd5 20. Ng2 g5 21.
Be3 f6 22. f4 Kf7 23. Bf2 gxf4 24. gxf4 Rg8 25. Kf1 fxe5 26. fxe5 Bg5 27. Rd3
Ke6 28. Rg3 Rg6 29. Rd1 Rc2 30. a3 b5 31. Rdd3 Nb6 32. h4 Bc1 33. Rxg6+ hxg6
34. Rf3 Ke7 35. Ne3 Ra2 36. Ng4 Rxa3 37. Rf6 b4 38. Be1 Ra4 39. Rc6 Nc4 40.
Rc7+ Ke6 41. Rc6+ Kd7 42. Rc5 b3 43. Rxd5+ Kc6 44. Rc5+ Kb6 45. e6 b2 46. e7
Nd6 47. Rd5 Ne8 48. Rd8 Nc7 49. Bg3 Ra1 50. Bxc7+ 1/2-1/2

[Event "SF Neuenkirchen 1 - Herforder SV Königs"]
[Site "NRW-Klasse, Gruppe 2 2013/201"]
[Date "2014.04.27"]
[Round "9.6"]
[White "Hachmeister, Dirk"]
[Black "Bykovskij, Sergej"]
[Result "1-0"]
[WhiteElo "2188"]
[BlackElo "2023"]
[Annotator "Doe,John"]
[PlyCount "119"]
[EventDate "2014.??.??"]
[WhiteTeam "SF Neuenkirchen 1"]
[BlackTeam "Herforder SV Königsspringer 1"]

1. Nf3 d5 2. c4 c6 3. b3 Nf6 4. Bb2 Bf5 5. d3 e6 6. Nbd2 Nbd7 7. g3 Qa5 8. Bg2
Ba3 9. Qc1 Bxb2 10. Qxb2 O-O 11. O-O Rad8 12. Rfe1 Qb6 13. h3 Bg6 14. Rab1 Nh5
15. b4 Rfe8 16. a4 e5 17. Nh4 Ndf6 18. Nxg6 hxg6 19. e3 d4 20. e4 g5 21. c5 Qc7
22. Nc4 Nd7 23. Qd2 g6 24. Bf3 Ng7 25. Qxg5 Nf8 26. Kg2 Re6 27. Rb2 f6 28. Qc1
Qe7 29. h4 Nh7 30. Rbe2 Rf8 31. Bg4 f5 32. exf5 gxf5 33. Bf3 e4 34. dxe4 f4 $11
35. Rd1 fxg3 36. fxg3 Nf5 37. exf5 Rxe2+ 38. Bxe2 Qxe2+ 39. Kh3 Rxf5 40. Rxd4
Rf1 41. Rg4+ Kh8 42. Qb2+ Qxb2 43. Nxb2 Rb1 44. Nd3 Nf6 45. Rg6 Nd5 46. Rd6 Rb3
47. Ne5 Rxb4 48. a5 Rb1 49. a6 bxa6 50. Rxc6 a5 51. Ra6 Ne3 52. g4 Rb3 53. Kg3
Rc3 54. c6 Nd5+ 55. Kf2 Rc5 56. Rxa7 Kg8 57. Kf3 Nb6 58. Ke4 a4 59. h5 Rc1 60.
h6 1-0

[Event "SF Neuenkirchen 1 - Herforder SV Königs"]
[Site "NRW-Klasse, Gruppe 2 2013/201"]
[Date "2014.04.27"]
[Round "9.7"]
[White "Kirnos, Evgeni"]
[Black "Beckmann, Klaus"]
[Result "1/2-1/2"]
[WhiteElo "2156"]
[BlackElo "2071"]
[Annotator "Doe,John"]
[PlyCount "54"]
[EventDate "2014.??.??"]
[WhiteTeam "Herforder SV Königsspringer 1"]
[BlackTeam "SF Neuenkirchen 1"]

1. e4 c5 2. Nf3 Nc6 3. d4 cxd4 4. Nxd4 Nf6 5. Nc3 e6 6. Nxc6 bxc6 7. Bd3 d5 8.
O-O Be7 9. Qe2 O-O 10. b3 Re8 11. Bb2 Bb7 12. Rad1 Qc7 13. Nb1 c5 14. Nd2 a5
$11 15. c4 d4 16. f4 a4 17. Bb1 axb3 18. axb3 e5 19. f5 Nd7 20. Qg4 Ra6 21.
Rde1 Qd6 22. Bc1 Bd8 23. Bd3 Ba5 24. Rd1 Rb6 25. Rf3 Nf6 26. Qh4 Bxd2 27. Bxd2
Rxb3 1/2-1/2

[Event "SF Neuenkirchen 1 - Herforder SV Königs"]
[Site "NRW-Klasse, Gruppe 2 2013/201"]
[Date "2014.04.27"]
[Round "9.8"]
[White "Scho, Christian"]
[Black "Friesen, Viktor"]
[Result "0-1"]
[WhiteElo "2108"]
[BlackElo "2062"]
[PlyCount "154"]
[EventDate "2014.??.??"]
[WhiteTeam "SF Neuenkirchen 1"]
[BlackTeam "Herforder SV Königsspringer 1"]

1. d4 d5 2. Bf4 Nf6 3. e3 Bg4 4. f3 Bd7 5. c4 e6 6. Nc3 dxc4 7. Bxc4 Bd6 8.
Nge2 O-O 9. O-O Bxf4 10. Nxf4 Nc6 11. Bb5 Ne7 12. Bc4 Ned5 13. Bxd5 Nxd5 14.
Ncxd5 exd5 15. Qb3 Bc6 16. Rac1 Qd6 17. Rfe1 a5 18. Qc3 Ra6 19. Qc5 Rb6 20. b3
a4 21. bxa4 Ra8 22. Re2 g6 23. Nd3 Rxa4 24. Ne5 Qe6 25. Qc3 f6 26. Nd3 Rc4 27.
Qe1 Rxc1 28. Nxc1 Bb5 29. Rc2 Bc4 30. Qc3 Rb1 31. Kf2 Qb6 32. Nd3 Qa6 33. Rd2
Bxd3 34. Qxd3 Qxd3 35. Rxd3 Rb2+ 36. Kg3 Rxa2 37. e4 dxe4 38. fxe4 Rc2 39. d5
Kf7 40. Rb3 b6 41. d6 cxd6 42. Rxb6 Ke6 43. Rb7 h5 44. h4 Rc4 45. Kf3 f5 46.
exf5+ Kxf5 47. Rf7+ Ke5 48. Re7+ Kf6 49. Rd7 Ke6 50. Rg7 Rg4 51. g3 d5 52. Ra7
Ke5 53. Ra5 Kd4 54. Ra3 Kc4 55. Ke2 Re4+ 56. Kd2 Kd4 57. Ra6 Rg4 58. Ra3 Ke5
59. Ke2 Rc4 60. Ra6 Rg4 61. Kf3 Kf5 62. Ra8 Rc4 63. Rf8+ Ke5 64. Re8+ Kd6 65.
Rg8 Rg4 66. Ra8 Kc5 67. Ra3 Kb4 68. Rd3 Kc4 69. Ra3 d4 70. Ke2 Re4+ 71. Kd2 Re6
72. Rf3 Ra6 73. Rf8 Ra2+ 74. Ke1 Rg2 75. Rf3 d3 76. Kf1 Rb2 77. Rf6 Rb1+ 0-1